|
|
|
|
| LEADER |
00000nam0a2200000 4500 |
| 001 |
194089 |
| 005 |
20231101224531.0 |
| 010 |
|
|
|a 9785938081833
|
| 035 |
|
|
|a (RuTPU)RU\TPU\book\211683
|
| 035 |
|
|
|a RU\TPU\book\87339
|
| 035 |
|
|
|a RU\TPU\book\211683
|
| 090 |
|
|
|a 194089
|
| 100 |
|
|
|a 20050919d2010 km y0rusy50 ca
|
| 101 |
0 |
|
|a rus
|
| 102 |
|
|
|a RU
|
| 105 |
|
|
|a a g 001zy
|
| 200 |
1 |
|
|a Применение присадок в топливах
|e [справочник]
|f А. М. Данилов
|
| 205 |
|
|
|a 3-е изд., доп.
|
| 210 |
|
|
|a Санкт-Петербург
|c Химиздат
|d 2010
|
| 215 |
|
|
|a 366 с.
|c ил.
|
| 225 |
1 |
|
|a Справочник
|
| 320 |
|
|
|a Библиогр.: с. 348-361.
|
| 320 |
|
|
|a Указатель марок: с. 362-366.
|
| 330 |
|
|
|a В справочном издании приведены сведения об отечественных и зарубежных присадках к автомобильным бензинам, реактивным, дизельным, печным, судовым и котельным топливам, допущенных к применению в России, а также о некоторых опытных образцах присадок, успешно прошедших стендовые и эксплуатационные испытания. Рассмотрены назначение присадок, принцип их действия, основные показатели качества, ассортимент, техническая и экономическая эффективность применения, методы определения в топливах. Большое внимание уделено особенностям применения присадок, их недостаткам, вопросам токсикологии и техники безопасности. Для специалистов, занимающихся производством, реализацией и применением автомобильных топлив, а также для студентов, аспирантов и преподавателей химико-технологических и технических вузов.
|
| 606 |
1 |
|
|a Моторное топливо
|x Присадки
|2 stltpush
|3 (RuTPU)RU\TPU\subj\34264
|9 56259
|
| 610 |
1 |
|
|a химическая технология
|
| 610 |
1 |
|
|a топливо
|
| 610 |
1 |
|
|a присадки
|
| 610 |
1 |
|
|a классификация
|
| 610 |
1 |
|
|a воспламенение
|
| 610 |
1 |
|
|a модификаторы
|
| 610 |
1 |
|
|a кислородосодержащие добавки
|
| 610 |
1 |
|
|a оксигенаты
|
| 610 |
1 |
|
|a горение
|
| 610 |
1 |
|
|a моющие присадки
|
| 610 |
1 |
|
|a котельное топливо
|
| 610 |
1 |
|
|a диспергирующие присадки
|
| 610 |
1 |
|
|a низкие температуры
|
| 610 |
1 |
|
|a эксплуатация
|
| 610 |
1 |
|
|a антикоррозионные присадки
|
| 610 |
1 |
|
|a антистатические присадки
|
| 610 |
1 |
|
|a противотурбулентные присадки
|
| 610 |
1 |
|
|a маркирующие присадки
|
| 610 |
1 |
|
|a бензин
|
| 610 |
1 |
|
|a добавки
|
| 610 |
1 |
|
|a справочники
|
| 675 |
|
|
|a 665.71.03(035)
|v 3
|
| 700 |
|
1 |
|a Данилов
|b А. М.
|g Александр Михайлович
|
| 801 |
|
1 |
|a RU
|b 63413507
|c 20110404
|
| 801 |
|
2 |
|a RU
|b 63413507
|c 20160331
|g RCR
|
| 942 |
|
|
|c BK
|
| 959 |
|
|
|a 38/20110404
|d 3
|e 600,00
|f ЧЗТЛ:1
|f АНЛ:1
|f УФ:1
|
| 959 |
|
|
|a 75/20150520
|d 3
|e 600,00
|f УФ:3
|
| 959 |
|
|
|a 18/20160210
|d 3
|e 600,00
|f УФ:3
|